The dynamics of mass communication : (Record no. 11676)

000 -LEADER
fixed length control field 00524cam a2200169 a 4500
020 ## - INTERNATIONAL STANDARD BOOK NUMBER
ISBN 0072885793 (softcover : alk. paper)
040 ## - CATALOGING SOURCE
Transcribing agency DLC
082 00 - DEWEY DECIMAL CLASSIFICATION NUMBER
Classification number 302 HIL 2005 A016 Or.
100 1# - MAIN ENTRY--AUTHOR NAME
Personal name Dominick, Joseph R.
245 14 - TITLE STATEMENT
Title The dynamics of mass communication :
Remainder of title media in the digital age /
250 ## - EDITION STATEMENT
Edition statement 8th ed.
260 ## - PUBLICATION, DISTRIBUTION, ETC. (IMPRINT)
Place of publication New York :
Name of publisher McGraw-Hill,
Year of publication c2005.
300 ## - PHYSICAL DESCRIPTION
Number of Pages xxiv, 494, [18] p. :
Other physical details ill. (some col.) ;
Dimensions 26 cm. +
Accompanying material 2 CD-ROMs (4 3/4 in.)
500 ## - GENERAL NOTE
General note Includes index.
650 #0 - SUBJECT ADDED ENTRY--TOPICAL TERM
Topical Term Mass media.
942 ## - ADDED ENTRY ELEMENTS (KOHA)
Koha item type សៀវភៅភាសាអង់គ្លេស
952 ## - LOCATION AND ITEM INFORMATION (KOHA)
Withdrawn status [LOCAL, KOHA] 0
Holdings
Permanent Location Date acquired Koha item type Lost status Shelving location Barcode Current Location Full call number
Library Block A2017-08-04សៀវភៅភាសាអង់គ្លេស A016A14679Library Block A302 HIL 2005 A016 Or.
មជ្ឈមណ្ឌលឯការនៃសាកលវិទ្យាល័យភូមិន្ទកសិកម្មចំការដូង

Powered by Koha